AH International Schools' Libraries

Volcano (KHMER) / (Record no. 50253)

MARC details
000 -LEADER
fixed length control field 00336nam a2200121 4500
020 ## - INTERNATIONAL STANDARD BOOK NUMBER
International Standard Book Number 9789924589884
100 ## - MAIN ENTRY--PERSONAL NAME
Personal name Meng Chea Sodawangsi
9 (RLIN) 87062
245 ## - TITLE STATEMENT
Title Volcano (KHMER) /
Statement of responsibility, etc Meng Chea Sodawangsi
260 ## - PUBLICATION, DISTRIBUTION, ETC. (IMPRINT)
Place of publication, distribution, etc Cambodia
Name of publisher, distributor, etc Mindbooks Publishing
Date of publication, distribution, etc 2024
300 ## - PHYSICAL DESCRIPTION
Extent 31 p.
Other physical details col. ill.
Dimensions 20 cm.
490 ## - SERIES STATEMENT
Series statement Mindkids: S-05
942 ## - ADDED ENTRY ELEMENTS (KOHA)
Source of classification or shelving scheme
Koha item type Book
Holdings
Withdrawn status Lost status Source of classification or shelving scheme Damaged status Not for loan Collection code Home library Current library Shelving location Date acquired Total Checkouts Full call number Barcode Date last seen Date checked out Price effective from Koha item type
          Siem Riep Asian Hope Early Years Library Asian Hope Early Years Library Easy Reading 03/12/2026 5 KHMER 551.21 MEN 209494 04/24/2026 04/21/2026 03/12/2026 Book

For any Logos Library related questions please contact Miss Art at swongnarasuk@asianhope.org.

For any Asian Hope Library related questions please contact Miss Raza at graza@asianhope.org.

Click here to explore our ebooks!

Powered by Koha